000 02131nas a22003135i 4500
001 1573-7373
003 DE-He213
005 20200203193220.0
007 cr nn 008mamaa
008 150723s||||||||xxuuu poo|||||| b|EN |d
022 _a1573-7373
024 7 _a10.1007/11060.1573-7373
_2doi
210 1 0 _aJ Neurooncol
245 1 0 _aJournal of Neuro-Oncology
_h[electronic resource] /
_cedited by Jason P. Sheehan.
264 1 _aNew York :
_bSpringer US :
_bImprint: Springer.
300 _bonline resource.
520 _aThe Journal of Neuro-Oncology is a multi-disciplinary journal encompassing basic, applied, and clinical investigations in all research areas as they relate to cancer and the central nervous system. It provides a single forum for communication among neurologists, neurosurgeons, radiotherapists, medical oncologists, neuropathologists, neurodiagnosticians, and laboratory-based oncologists conducting relevant research. The Journal of Neuro-Oncology does not seek to isolate the field, but rather to focus the efforts of many disciplines in one publication through a format which pulls together these diverse interests. More than any other field of oncology, cancer of the central nervous system requires multi-disciplinary approaches. To alleviate having to scan dozens of journals of cell biology, pathology, laboratory and clinical endeavours, JNO is a periodical in which current, high-quality, relevant research in all aspects of neuro-oncology may be found.
650 0 _aOncology.
650 0 _aNeurology.
650 1 4 _aOncology.
_0http://scigraph.springernature.com/things/product-market-codes/H33160
650 2 4 _aNeurology.
_0http://scigraph.springernature.com/things/product-market-codes/H36001
700 1 _aSheehan, Jason P.
_eeditor.
_4edt
_4http://id.loc.gov/vocabulary/relators/edt
710 2 _aSpringerLink (Online service)
776 0 8 _iPrinted version:
_x0167-594X
856 4 0 _uhttps://doi.org/10.1007/11060.1573-7373
_zHybrid
999 _c455669
_d455669
942 _cEMG